000 00262nam a2200109Ia 4500
008 230907s9999||||xx |||||||||||||| ||und||
082 _a158.1
_bHOR
100 _aHorton, Tony
_9116048
245 4 _aThe big picture :
300 _axviii, 240 pages ;
942 _cBK
999 _c600894
_d600894